000 01738nam a2200445 c 4500
001 52836
003 ES-MaCES
005 20250203133331.0
007 cr |||||||||||
008 230824s2023 sp 000 ||spa d
017 _aNA 827-2023
_bDL
020 _a9788411634113
020 _a9788411634090 (electrónico)
040 _aES-MaCES
_bspa
_cES-MaCES
245 0 3 _aLa reforma universitaria de 2023
_b: comentarios a la Ley Orgánica 2/2023, de 22 de marzo, del Sistema Universitario
_cdir., Ricardo Rivero Ortega ; [autores], Antonio Arias Rodríguez .... [et al.
250 _a1ª ed
260 _aCizur Menor (Navarra)
_bThomson Reuters-Aranzadi
_c2023
300 _a312 p.
_c25 cm
490 1 _aColección Grandes tratados Aranzadi
_v1484
500 _aPublicación en formato DÚO (papel + libro ectrónico). Disponible en formato electrónico mediante la aplicación PROVIEW
541 _cCompra
610 1 4 _940741
_aEspaña
_tLey Orgánica del Sistema Universitario, 2023
650 4 _auniversidad
_927434
650 4 _aenseñanza superior
_927379
650 4 _areforma educativa
_927374
650 4 _aderecho administrativo
_927155
650 4 _aEspaña
_926964
650 4 _alegislación
_927153
650 4 _a2023
_940696
650 4 _acomentario
_928971
650 4 _arégimen jurídico
_929894
653 1 0 _aEducación
700 1 _922138
_aRivero Ortega, Ricardo
_edir.
700 1 _940740
_aArias Rodríguez, Antonio
710 1 _940741
_aEspaña
_tLey Orgánica del Sistema Universitario, 2023
830 0 _aColección Grandes tratados Aranzadi
_934490
_v1484
856 4 _uhttps://miespacio.aranzadilaley.es/Account/Login
_yLegalteca
902 _aLIB Libro
942 _2CES
_cBK
_h4.0.
999 _c52836
_d52836